000 00554nam a2200181 i 4500
001 32245
003 ES-MaACL
005 20230906154535.0
007 t|
008 030130s1973 sp ||||1| spa d
100 1 _aBernfeld, Siegfried.
_928320
245 1 3 _aEl psicoanálisis y la educación antiautoritaria /
_cSiegfried Bernfeld ; [traducción de Eduardo Subirats].
250 _a1ª ed.
260 _a[Barcelona] :
_bBarral,
_c1973.
300 _a358 p. ;
_c23 cm.
700 1 _aSubirats, Eduardo.
_9108696
852 _aES-MaACL
_jC-55087
_bR.87796
999 _c32245
_d32245